| 000 | 00387cam a2200169ua 4500 | ||
|---|---|---|---|
| 001 | 6359 | ||
| 008 | 120105n1994 II |||gr||||Z||||||eng | ||
| 040 | _aMAIN | ||
| 041 | _aEnglish | ||
| 082 | _a589.2 PAN | ||
| 100 | _aPANDEY, B. P. | ||
| 245 | _aFUNGI: A TEXT BOOK OF BOTANY | ||
| 260 |
_aNEW DELHI _bS.CHAND & COMPANY _c1994 |
||
| 300 |
_a414: _c22CM. |
||
| 653 | _aFungi | ||
| 942 | _cBK | ||
| 999 |
_c6344 _d6344 |
||